Gemeinden von Baden - Statistiken

Allgemein
  • Dieses Quiz wurde 479 mal gespielt
  • Das Durchschnittsergebnis liegt bei 15 aus 30
Antworten auf der Karte
Die Antworten werden auf der Karte rot bzw. grün angezeigt, abhängig davon wie oft sie richtig erraten wurden.
 
Antwortstatistiken
Einwohner Gemeinde % Korrekt
25.817 Baden
98%
12.312 Bad Vöslau
83%
18.774 Traiskirchen
83%
11.422 Ebreichsdorf
68%
4.946 Leobersdorf
67%
3.577 Pfaffstätten
64%
9.076 Berndorf
63%
2.606 Alland
60%
7.303 Kottingbrunn
60%
1.532 Heiligenkreuz
58%
3.718 Trumau
55%
7.322 Pottendorf
53%
4.856 Oberwaltersdorf
51%
2.067 Altenmarkt an der Triesting
46%
2.565 Hirtenberg
46%
865 Furth an der Triesting
42%
1.697 Günselsdorf
42%
1.707 Klausen-Leopoldsdorf
42%
2.889 Pottenstein
41%
1.805 Teesdorf
40%
4.227 Enzesfeld-Lindabrunn
39%
1.042 Sooß
39%
1.723 Weissenbach an der Triesting
37%
1.891 Blumau-Neurißhof
35%
1.529 Seibersdorf
35%
1.750 Reisenberg
33%
1.440 Tattendorf
28%
1.567 Hernstein
24%
2.137 Schönau an der Triesting
24%
2.951 Mitterndorf an der Fischa
14%
Keine übereinstimmenden Quizze gefunden
Verteilung der Resultate
Anzahl Personen mit jedem Resultat
Perzentil nach korrekt beantworteten Fragen
Ihre Resultats-Entwicklung
Sie haben dieses Quiz noch nicht gespielt